[Event "45th GM 2017"]
[Site "Dortmund GER"]
[Date "2017.07.23"]
[Round "7.3"]
[White "Kramnik, Vladimir"]
[Black "Bluebaum, Matthias"]
[Result "1-0"]
[WhiteTitle "GM"]
[BlackTitle "GM"]
[WhiteElo "2812"]
[BlackElo "2642"]
[WhiteFideId "4101588"]
[BlackFideId "24651516"]
[EventDate "2017.07.15"]

1. Nf3 d5 2. g3 Bg4 3. Bg2 e6 4. O-O Nf6 5. d3 Be7 6. h3 Bh5 7. c4 c6 8. Qb3 Qc8
9. g4 Bg6 10. cxd5 cxd5 11. Bf4 Nc6 12. Nc3 O-O 13. Rac1 Qd7 14. Ne5 Nxe5 15.
Bxe5 h5 16. g5 Ne8 17. f4 Bc5+ 18. d4 Bb6 19. f5 Bxf5 20. Rxf5 exf5 21. Nxd5 Qe6
22. Kh1 Rd8 23. Qf3 g6 24. e3 Kh7 25. Nf4 Qe7 26. Qg3 Bc7 27. Rxc7 Nxc7 28. Bf6
Qb4 29. Nxh5 gxh5 30. g6+ Kg8 31. Qg5 h4 32. Qh6 Qe1+ 33. Kh2 Qg3+ 34. Kg1 Qe1+
35. Bf1 1-0